| 000 | 00554nam a2200169 a 4500 | ||
|---|---|---|---|
| 001 | 000028259 | ||
| 005 | 20200930031502.0 | ||
| 008 | 110407s19uu dr a 000 0 spa d | ||
| 040 |
_aDO-SdBNP _bspa _cBNPHU |
||
| 100 | 1 |
_aVallejo, Augusto _955251 |
|
| 245 | 0 | 3 |
_aLa crisis, la izquierda, y la confusión ideológica. / _cAugusto Vallejo, Alexis Hernández, David García. |
| 260 |
_a[Santo Domingo], : _b[s.n.], _c[19--?]. |
||
| 300 |
_a87 p. : _bil. ; _c18 cm. |
||
| 700 | 1 |
_aHernández, Alexis _955252 |
|
| 700 | 1 |
_aGarcía, David _955253 |
|
| 049 | _aBNPD | ||
| 999 |
_c27751 _d27751 |
||